| 000 | 00753nam a22002057a 4500 | ||
|---|---|---|---|
| 005 | 20260703153937.0 | ||
| 020 | _a9788198831736 | ||
| 100 |
_aSriram, M S _917419 |
||
| 245 |
_aBhaskaracarya's siddhantasiromani grahaganita with the vasanabhasya Vol. 1: Madhyama, spasta, triprasna adhikaras _cTranslation with explanatory notes |
||
| 260 |
_aNew Delhi _bHindustan book agency _c2025 |
||
| 300 | _axv+503 | ||
| 490 | _aCulture and history of mathematics | ||
| 500 | _aCulture and history of mathematics 13 | ||
| 650 |
_aMathematics-history _917413 |
||
| 650 |
_aMathematical astronomy _917415 |
||
| 650 |
_aPlanetary theory _917416 |
||
| 700 |
_aSita Sundar Ram (author) _917420 |
||
| 700 |
_aVenketeswara R Pai (author) _917418 |
||
| 942 |
_2ddc _cBK |
||
| 999 |
_c761249 _d761249 |
||